000 00417nam a2200145 4500
001 143541
003 ES-MaACL
007 t|
008 070214s1959 fr r ||||1| fre d
100 1 _aServan-Schreiber, Emile.
_9105854
245 1 0 _aL'U. R. S. S. 28 ans après
_b: 1931-1959 /
_cEmile Servan-Schreiber.
260 _aParis :
_bPlon,
_c1959.
300 _a182 p. ;
_c21 cm.
852 _aES-MaACL
_jE-7335
_bR.91920
999 _c143541
_d143541